A first look at communication theory / (Record no. 117429)
[ view plain ]
| 000 -LEADER | |
|---|---|
| fixed length control field | 00544nam a2200193Ia 4500 |
| 003 - CONTROL NUMBER IDENTIFIER | |
| control field | PILC |
| 005 - DATE AND TIME OF LATEST TRANSACTION | |
| control field | 20150907152641.0 |
| 008 - FIXED-LENGTH DATA ELEMENTS--GENERAL INFORMATION | |
| fixed length control field | 140527s9999 xx 000 0 und d |
| 020 ## - INTERNATIONAL STANDARD BOOK NUMBER | |
| International Standard Book Number | 9781259073380 |
| 050 ## - LIBRARY OF CONGRESS CALL NUMBER | |
| Classification number | P 90 |
| Item number | .G875 2013 |
| 100 ## - MAIN ENTRY--PERSONAL NAME | |
| Personal name | Griffin, Em. |
| 245 #2 - TITLE STATEMENT | |
| Title | A first look at communication theory / |
| Statement of responsibility, etc | Em Griffin |
| 250 ## - EDITION STATEMENT | |
| Edition statement | 8th edition. |
| 260 ## - PUBLICATION, DISTRIBUTION, ETC. (IMPRINT) | |
| Place of publication, distribution, etc | New York : |
| Name of publisher, distributor, etc | McGraw-Hill, |
| Date of publication, distribution, etc | 2013. |
| 300 ## - PHYSICAL DESCRIPTION | |
| Extent | 486 pages : |
| Other physical details | illustrations ; |
| Dimensions | 26 cm. |
| 500 ## - GENERAL NOTE | |
| General note | Includes appendices and index. |
| 942 ## - ADDED ENTRY ELEMENTS (KOHA) | |
| Call number prefix | Foreign |
| Koha item type | Books |
| Source of classification or shelving scheme | Library of Congress Classification |
| Withdrawn status | Lost status | Damaged status | Home library | Current library | Shelving location | Date acquired | Total Checkouts | Full call number | Barcode | Date last seen | Price effective from | Koha item type | Source of classification or shelving scheme | Source of acquisition | Sub Shelving location | Date checked out | Total Renewals |
|---|---|---|---|---|---|---|---|---|---|---|---|---|---|---|---|---|---|
| College Library | College Library | Reserve Section | 05/28/2014 | P 90 .G875 2013 | C18037 | 05/15/2018 | 05/28/2014 | Books | |||||||||
| College Library | College Library | Reserve Section | 09/07/2015 | 1 | P 90 .G875 2013 | C19960 | 05/15/2018 | 09/07/2015 | Books | Library of Congress Classification | Donation | 10/09/2015 | |||||
| College Library | College Library | Reserve Section | 12/03/2015 | 1 | P 90 .G875 2013 | C20305 | 05/15/2018 | 12/03/2015 | Books | Library of Congress Classification | Library Fund | 02/24/2016 | 3 |